01081nam a2200265Ia 4500001001200000003000800012006001900020007001500039008004100054020001500095040002100110035002000131050002100151110004000172245014000212260005700352300001000409533015200419610004000571650001300611655002900624710001700653856012600670999001900796ebr10085520CaPaEBRm u cr cn|||||||||060508s2005 dcu s 000 0 eng d z0309097096 aCaPaEBRcCaPaEBR a(OCoLC)8024207414aQ11b.N38 2005eb2 aNational Academy of Sciences (U.S.)10aReport of the treasurer to the council of the National academy of sciences for the year ended december 31, 2004h[electronic resource]. aWashington D.C. :bNational Academies Press,cc2005. a51 p. aElectronic reproduction.bPalo Alto, Calif. :cebrary,d2009.nAvailable via World Wide Web.nAccess may be limited to ebrary affiliated libraries.20aNational Academy of Sciences (U.S.) 0aScience. 7aElectronic books.2local2 aebrary, Inc.40uhttp://site.ebrary.com/lib/rucke/Doc?id=10085520zAn electronic book accessible through the World Wide Web; click to view c164596d164596